Estadísticas para Presidentes de los Estados Unidos

Haz click aquí para tomar la prueba!

Estadísticas generales

  • Esta prueba ha sido tomada 14.031 veces
    (9.198 desde el último reinicio)
  • La puntuación promedio es 21 de 45

Estadísticas de respuestas

TerminosPresidente% Correcto
2017-2021Donald Trump
99%
2009-2017Barack Obama
97%
2021-Joe Biden
96%
1789-1797George Washington
93%
1989-1993George H.W. Bush
85%
2001-2009George W. Bush
85%
1961-1963John F. Kennedy
85%
1861-1865Abraham Lincoln
82%
1993-2001Bill Clinton
77%
1933-1945Franklin D. Roosevelt
70%
1901-1909Theodore Roosevelt
69%
1969-1974Richard Nixon
65%
1981-1989Ronald Reagan
64%
1945-1953Harry Truman
51%
1801-1809Thomas Jefferson
50%
1953-1961Dwight D. Eisenhower
49%
1963-1969Lyndon B. Johnson
48%
1865-1869Andrew Johnson
47%
1977-1981Jimmy Carter
47%
1974-1977Gerald R. Ford
46%
1797-1801John Adams
45%
1825-1829John Quincy Adams
45%
1913-1921Woodrow Wilson
36%
1829-1837Andrew Jackson
33%
1929-1933Herbert Hoover
33%
1817-1825James Monroe
30%
1809-1817James Madison
29%
1869-1877Ulysses S. Grant
29%
1885-1889, 1893-189Grover Cleveland
27%
1841William Henry Harrison
27%
1889-1893Benjamin Harrison
26%
1881James Garfield
26%
1923-1929Calvin Coolidge
24%
1909-1913William Taft
24%
1857-1861James Buchanan
23%
1837-1841Martin Van Buren
23%
1897-1901William McKinley
23%
1849-1850Zachary Taylor
23%
1845-1849James K. Polk
22%
1841-1845John Tyler
21%
1853-1857Franklin Pierce
20%
1921-1923Warren Harding
20%
1881-1885Chester A. Arthur
19%
1850-1853Millard Fillmore
19%
1877-1881Rutherford B. Hayes
19%

Distribución de puntuación

Porcentaje por número respondido

Porcentaje de gente con cada puntuación

Historial de tus puntuaciones

No has tomado esta prueba desde el último reinicio